000 02140nam a2200337 i 4500
001 990227835230107026
003 UkOxU
005 20251112160244.0
008 210625r20212020enk b 001|0 eng d
015 _aGBC1A6210
_2bnb
016 7 _a020249189
_2Uk
020 _a9781783782321
035 _a(UkOxU)022783523
035 _a(UkOxU)022783523BIB01
035 _a(Uk)020249189
040 _aStDuBDS
_beng
_erda
_cStDuBDS
_dUkOxU
041 _aeng
050 _aBS2417 E8
_bB34 2020
100 _aBaggini, Julian
_eauthor
_926142
245 1 4 _aThe godless gospel
_b: was Jesus a great moral teacher?
_c/ Julian Baggini.
260 _aLondon :
_bGranta Books,
_c2021.
300 _a291 pages ;
_c20 cm
500 _aFirst published: 2020.
504 _aIncludes bibliographical references and index.
520 _a Even if we don't believe that Jesus was the son of God, we tend to think he was a great moral teacher. But was he? And how closely do idealised values such as our love of the family, helping the needy, and the importance of kindness, match Jesus's original tenets? Julian Baggini challenges our assumptions about Christian values - and about Jesus - by focusing on Jesus's teachings in the Gospels, stripping away the religious elements such as the accounts of miracles or the resurrection of Christ. Reading closely this new 'godless' Gospel, included as an appendix, Baggini asks how we should understand Jesus's attitude to the renunciation of the self, to politics, or to sexuality, as expressed in Jesus's often elusive words. An atheist from a Catholic background, Baggini introduces us to a more radical Jesus than popular culture depicts. And as he journeys deeper into Jesus's worldview, and grapples with Jesus's sometimes contradictory messages, against his scepticism he finds that Jesus's words amount to a purposeful and powerful philosophy, which has much to teach us today.
600 0 _aJesus Christ
_xEthics
_926490
600 0 _aJesus Christ
_xPhilosophy
_926491
600 0 _aJesus Christ
_xTeachings
_926492
650 0 _aBible Gospels
_vCriticism, interpretation, etc
_926493
942 _2lcc
999 _c5175
_d5175